000 00373nam a2200121Ia 4500
008 160609s9999 xx 000 0 und d
100 _aMayo, Peter.
245 _aHegemony And Education Under Neoliberalism: Insights From Gramsci
245 _cBy:Peter Mayo
260 _c2015
650 _xEDUCATIONAL PHILOSOPHIES
856 _uhttp://file.ebook777.com/003/0415812275.pdf
999 _c295878
_d295878